| 000 | 00549nam a22001817a 4500 | ||
|---|---|---|---|
| 999 |
_c17536 _d17536 |
||
| 003 | AR-CdUCM | ||
| 008 | 190508b ||||| |||| 00| 0 spa d | ||
| 040 |
_aMUNICIPALIDAD PROVINCIAL DEL CUSCO _cBIBLIOTECA MUNICIPAL DEL CUSCO |
||
| 082 |
_a282 / _bC36 |
||
| 110 |
_aLimusa-Wiley. _937594 |
||
| 245 | _aCatólicos, protestantes y judíos / | ||
| 260 |
_aMéxico : _bLimusa-Wileyl, _c1964. |
||
| 300 |
_a381 páginas ; _c19 cm. |
||
| 650 |
_aCatólicos. _937595 |
||
| 650 |
_aProtestantes. _929327 |
||
| 942 |
_2ddc _cLIBROS |
||
| 945 |
_arum _d2019-05-08 |
||